| 000 | 00501nam a2200205Ia 4500 | ||
|---|---|---|---|
| 005 | 20240823005030.0 | ||
| 008 | 240823s9999||||xx |||||||||||||| ||und|| | ||
| 020 | _a81-224-0617-3 | ||
| 041 | _aENGLISH | ||
| 082 | _A620.1 P0 | ||
| 100 | _aBhavikatti S S | ||
| 245 | 0 | _aEngineering Mechanics | |
| 250 | _a1st-Re | ||
| 260 |
_c2000 _bNew Age International (P _aNew Delhi |
||
| 500 | _aYES | ||
| 650 |
_aMechanics _bMechanical |
||
| 700 | _a Rajeshekarappa K G | ||
| 942 | _cBK | ||
| 999 |
_c154548 _d154548 |
||